Riconosci il giocatore dalla carriera 6 - Statistics

Statistiche generali
  • Questo quiz è stato fatto 44 volte
  • Il punteggio medio è 6 su 12
Statistiche sulle risposte
Carriera Risposta % Corretto
Sassuolo 2019-2022 Napoli 2022-2025 Atletico Madrid2025- Giacomo Raspadori
94%
Gremio 2005-2007 Liverpool 2007-2017 Lazio 2017-2022 Gremio 2022-2023 Lucas Leiva
67%
Quimper Cornouaille 2009-2010 Le Havre 2 2010-2012Le Havre 2012-2014 Leicester City 2014-2018 Manchester City 2018-2023 Al-Ahli 2023- Riyad Mahrez
67%
Ajax 2018-2020 Barcellona 2020-2022 Milan 2022-2023 PSV 2023- Sergiño Dest
61%
Arsenal 2018- Bukayo Saka
58%
Grasshoppers 2001-2005 Lilla 2005-2008 Lazio 2008-2011 Juventus 2011-2018 Arsenal 2018-2019 Augusta 2019-2020 Stephan Lichtsteiner
58%
Caen 2 2010-2011 Caen 2011-2012 Milan 2012-2014Montpellier 2014 Milan 2014-2015 Genoa 2015 Milan 2015-2017 Watford 2017 Torino 2017-2018 Rennes 2018-2021 Al-Ahli 2021 Bordeaux 2021-2022 Auxerre 2022-2023 Adana Demirspor 2023-2024 Empoli 2024 Wydad Casablanca 2024-2025 Sampdoria 2025 Gençlerbirliği 2025- M'Baye Niang
56%
Newell's Old Boys 2005-2008 Rubin 2008-2013 ZenitSan Pietroburgo 2013-2014 Atlético Madrid 2014-2015 Genoa 2015-2016 Inter 2016-2017 Torino 2017-2022 Parma 2022-2024 Cristian Ansaldi
50%
Troyes 2 2016-2018 Troyes 2018-2019 Brentford 2019-2025 Manchester Utd 2025- Bryan Mbeumo
44%
Inter 2012-2013 Livorno 2013-2014 Sampdoria 2014-2015 Sassuolo 2015-2020 Fiorentina 2020-2021 Cagliari 2021 Fiorentina 2021-2024 Venezia 2024- Alfred Duncan
28%
NAC Breda 2021-2022 MVV 2022-2024 Hellas Verona2024-2025 Casa Pia 2025- Dailon Livramento
28%
Anderlecht 2020-2023 Brighton 2023- Bart Verbruggen
14%
Nessun quiz corrispondente trovato
Distribuzione punteggi
Percentuale di utenti per punteggio
Percentile per numero di risposta
I tuoi punteggi nel tempo
Non hai fatto questo quiz